Normal view
MARC view
- RICS Valuation Professional Group
Entry Corporate Name
001 - CONTROL NUMBER
- control field: 6213
003 - CONTROL NUMBER IDENTIFIER
- control field: OSt
005 - DATE AND TIME OF LATEST TRANSACTION
- control field: 20190806150250.0
008 - FIXED-LENGTH DATA ELEMENTS
- fixed length control field: 181129n| acannaabn |n ana d
040 ## - CATALOGING SOURCE
- Original cataloging agency: OSt
- Transcribing agency: OSt
110 2# - HEADING--CORPORATE NAME
- Corporate name or jurisdiction name as entry element: RICS Valuation Professional Group
670 ## - SOURCE DATA FOUND
- Source citation: Depreciated replacement cost method of valuation for financial reporting, 2018